Statistiken für FC Bayern München Kader 23/24

Klicken Sie hier um das Quiz zu spielen!

Allgemein

  • Dieses Quiz wurde 456 mal gespielt
  • Das Durchschnittsergebnis liegt bei 20 aus 26

Antwortstatistiken

Trikot Nr.Spieler% Korrekt
1Neuer
100%
6Kimmich
97%
9Kane
96%
8Goretzka
95%
25Müller
95%
42Musiala
94%
10Sane
94%
7Gnabry
93%
26Ulreich
92%
4De Ligt
90%
2Upamecano
89%
19Davies
88%
11Coman
84%
39Tel
83%
45Pavlovic
82%
3Kim Min Jae
80%
15Dier
76%
13Choupo-Moting
72%
27Laimer
71%
40Mazraoui
67%
22Guerreiro
60%
18Peretz
60%
23Boey
48%
20Sarr
48%
17Zaragoza
44%
28Buchmann
31%

Verteilung der Resultate

Perzentil nach korrekt beantworteten Fragen

Anzahl Personen mit jedem Resultat

Ihre Resultats-Entwicklung

Sie haben dieses Quiz noch nicht gespielt